|
|
|
|
| LEADER |
00000cam a2200000 a 4500 |
| 001 |
UCC3664 |
| 003 |
CL-VaPUC |
| 008 |
180531e20170000sp |||||||||||||||||spa|d |
| 020 |
|
|
|a 9788491520627
|
| 082 |
0 |
4 |
|a 346.06
|b ABI
|2 21
|
| 100 |
0 |
|
|a Abia González, Ricardo
|e author
|9 597737
|
| 700 |
0 |
|
|a Dorado Herranz, Guillermo
|e author
|9 597738
|
| 245 |
1 |
0 |
|a Implantación práctica de un sistema de gestión de cumplimiento - compliance management system
|
| 250 |
|
|
|a 1a. ed
|
| 300 |
|
|
|a 117 p
|
| 942 |
|
|
|c BK
|
| 945 |
|
|
|d 20180531 16:15:00
|a dcastane
|
| 260 |
|
|
|a Pamplona
|b Aranzadi
|c 2017
|
| 650 |
|
7 |
|a CONFIABILIDAD
|2 CL-VaPUC
|9 373011
|
| 650 |
|
0 |
|a Responsabilidad social empresarial
|9 525230
|
| 583 |
|
|
|a last modification
|c 20180531 16:15:00
|k Rodrigo Vera
|
| 490 |
0 |
|
|a Estudios
|
| 999 |
|
|
|c 371356
|d 371354
|
| 952 |
|
|
|0 0
|1 0
|3 erb
|4 0
|6 346_060000000000000_ABI_2017
|7 0
|8 A
|9 488323
|a BIBDER
|b BIBDER
|i 5473756
|l 1
|o 346.06 ABI 2017
|p 5473756
|r 2023-03-21
|s 2023-03-21
|w 2019-11-24
|y BK
|z Catalogado en:20180531
|k DER
|